[Event "Mauricie op U2000"]
[Site "Trois-Rivieres CAN"]
[Date "2008.03.30"]
[Round "5"]
[White "Hardie, Mackenzie"]
[Black "Jobin, Gilles"]
[Result "1/2-1/2"]
[WhiteElo "1738"]
[BlackElo "1883"]
[PlyCount "89"]
[GameId "2160767910351376"]
[EventDate "2008.03.28"]
[EventType "swiss"]
[EventRounds "5"]
[EventCountry "CAN"]
[SourceTitle "hb 2016"]

1. e4 e5 2. Nf3 Nc6 3. Bc4 Nf6 4. d4 exd4 5. O-O Bc5 6. e5 d5 7. Bb5 Ne4 8. Nxd4 Bd7 9. Bxc6 bxc6 10. Be3 O-O 11. Nd2 Nxd2 12. Qxd2 Qe7 13. Bf4 Rab8 14. b3 Bxd4 15. Qxd4 Rb7 16. Rac1 Be6 17. Rfd1 c5 18. Qd2 d4 19. c3 Rd8 20. cxd4 Rxd4 21. Qe3 Qd7 22. Rxd4 cxd4 23. Qe4 Qd5 24. Qxd5 Bxd5 25. e6 c6 26. exf7+ Kxf7 27. Be5 d3 28. f3 Re7 29. Bf4 Re2 30. Rd1 Rxa2 31. Rxd3 Ra3 32. Be3 a5 33. Bc5 Rxb3 34. Rxb3 Bxb3 35. Kf2 Ke6 36. Ke3 Kd5 37. Ba3 Bc4 38. g3 Bf1 39. Kd2 Kc4 40. Kc2 Bg2 41. f4 Be4+ 42. Kb2 Bf5 43. Bd6 Kd5 44. Be5 g5 45. Kb3 1/2-1/2

[Event "Mike Shpan mem."]
[Site "Winnipeg CAN"]
[Date "2008.11.04"]
[Round "1"]
[White "Crawford, Gary"]
[Black "Ott, Richard"]
[Result "1-0"]
[WhiteElo "1321"]
[BlackElo "1460"]
[PlyCount "75"]
[GameId "2160767910294505"]
[EventDate "2008.11.04"]
[EventType "swiss"]
[EventRounds "6"]
[EventCountry "CAN"]
[SourceTitle "EXT 2011"]
[Source "ChessBase"]
[SourceDate "2011.11.26"]
[SourceVersion "1"]
[SourceVersionDate "2011.11.26"]
[SourceQuality "1"]

1. e4 c5 2. Nf3 d6 3. d4 cxd4 4. Nxd4 Nf6 5. Nc3 a6 6. f3 e6 7. Be3 b5 8. a3 Bb7 9. Bd3 Nbd7 10. O-O Be7 11. Qe1 Ne5 12. Rd1 O-O 13. Nde2 Rc8 14. Qg3 Nfd7 15. Bh6 Qb6+ 16. Kh1 g6 17. Bxf8 Bxf8 18. Qf2 Qc6 19. Nf4 Nxd3 20. Nxd3 Bg7 21. Qd2 Nb6 22. Nb4 Qc5 23. Qxd6 Qe3 24. Rd3 Nc4 25. Rxe3 Nxd6 26. Rb1 Nc4 27. Rd3 Ne5 28. Rdd1 h5 29. Nd3 Nc4 30. Nb4 Rc7 31. Rd8+ Kh7 32. Rbd1 Nxb2 33. Nxb5 axb5 34. R1d7 Rc3 35. Rxb7 Rxa3 36. h4 Ra1+ 37. Kh2 Be5+ 38. g3 1-0

[Event "Mike Shpan mem."]
[Site "Winnipeg CAN"]
[Date "2008.11.04"]
[Round "1"]
[White "Trueman, Francis"]
[Black "Repa, Jason"]
[Result "0-1"]
[WhiteElo "1506"]
[BlackElo "2010"]
[PlyCount "33"]
[GameId "2160767910294506"]
[EventDate "2008.11.04"]
[EventType "swiss"]
[EventRounds "6"]
[EventCountry "CAN"]
[SourceTitle "EXT 2011"]
[Source "ChessBase"]
[SourceDate "2011.11.26"]
[SourceVersion "1"]
[SourceVersionDate "2011.11.26"]
[SourceQuality "1"]

1. Nf3 d5 2. d3 Nf6 3. Nbd2 c5 4. g3 Nc6 5. Bg2 e5 6. e4 d4 7. O-O Be7 8. Re1 O-O 9. Qe2 Be6 10. Nc4 b5 11. Ncd2 Qc7 12. Nf1 h6 13. Bd2 Rab8 14. Rad1 b4 15. Bc1 a5 16. N3d2 Bd6 17. Nc4 0-1

[Event "Mike Shpan mem."]
[Site "Winnipeg CAN"]
[Date "2008.11.18"]
[Round "2"]
[White "Mandusic, Ante"]
[Black "Trueman, Francis"]
[Result "0-1"]
[WhiteElo "1208"]
[BlackElo "1506"]
[PlyCount "62"]
[GameId "2160767910294507"]
[EventDate "2008.11.04"]
[EventType "swiss"]
[EventRounds "6"]
[EventCountry "CAN"]
[SourceTitle "EXT 2011"]
[Source "ChessBase"]
[SourceDate "2011.11.26"]
[SourceVersion "1"]
[SourceVersionDate "2011.11.26"]
[SourceQuality "1"]

1. Nf3 d6 2. g3 Nd7 3. Bg2 Ngf6 4. O-O g6 5. d4 e5 6. c3 Bg7 7. Ng5 h6 8. Ne4 O-O 9. d5 Nh7 10. c4 f5 11. Nec3 Ndf6 12. e4 Kh8 13. b4 Bd7 14. a4 g5 15. c5 a6 16. Nd2 h5 17. Nc4 b5 18. c6 bxc4 19. cxd7 Qxd7 20. Qe2 f4 21. gxf4 gxf4 22. f3 Bh6 23. Qxc4 Rg8 24. Rf2 h4 25. h3 Ng5 26. Kh2 Qg7 27. Bd2 Nxf3+ 28. Kh1 Qg3 29. Bxf3 Qxh3+ 30. Rh2 Qxf3+ 31. Rg2 Qxg2# 0-1

[Event "Mike Shpan mem."]
[Site "Winnipeg CAN"]
[Date "2008.11.18"]
[Round "2"]
[White "Ott, Richard"]
[Black "Campbell, Gary"]
[Result "0-1"]
[WhiteElo "1460"]
[BlackElo "1644"]
[PlyCount "69"]
[GameId "2160767910294508"]
[EventDate "2008.11.04"]
[EventType "swiss"]
[EventRounds "6"]
[EventCountry "CAN"]
[SourceTitle "EXT 2011"]
[Source "ChessBase"]
[SourceDate "2011.11.26"]
[SourceVersion "1"]
[SourceVersionDate "2011.11.26"]
[SourceQuality "1"]

1. d4 d5 2. c4 e6 3. Nc3 Nf6 4. cxd5 exd5 5. Bg5 Be7 6. e3 c6 7. Bd3 O-O 8. Nge2 Nbd7 9. Qc2 Re8 10. O-O h6 11. Bh4 Bd6 12. Bg3 Bxg3 13. Nxg3 c5 14. b3 cxd4 15. exd4 Nf8 16. Rac1 Bd7 17. a4 Rc8 18. Nf5 Bxf5 19. Bxf5 Ne6 20. Qd3 Qb6 21. Ne2 Rc7 22. Rxc7 Nxc7 23. Nf4 Qd6 24. g3 Qe7 25. Rc1 g5 26. Qd2 gxf4 27. Qxf4 Ne6 28. Bxe6 Qxe6 29. Qxh6 Ne4 30. Qf4 Qf6 31. Qg4+ Qg5 32. Qd1 Qf6 33. Qg4+ Kf8 34. Rc2 Qxd4 35. Rc7 0-1

[Event "Mike Shpan mem."]
[Site "Winnipeg CAN"]
[Date "2008.11.18"]
[Round "2"]
[White "Pottinger, Carl"]
[Black "Lauritson, Jim"]
[Result "0-1"]
[WhiteElo "1813"]
[BlackElo "1933"]
[PlyCount "101"]
[GameId "2160767910294509"]
[EventDate "2008.11.04"]
[EventType "swiss"]
[EventRounds "6"]
[EventCountry "CAN"]
[SourceTitle "EXT 2011"]
[Source "ChessBase"]
[SourceDate "2011.11.26"]
[SourceVersion "1"]
[SourceVersionDate "2011.11.26"]
[SourceQuality "1"]

1. c4 e5 2. g3 Nf6 3. Bg2 Nc6 4. Nc3 Bc5 5. e3 O-O 6. Nge2 Re8 7. O-O e4 8. d4 exd3 9. Qxd3 Ne5 10. Qc2 d6 11. b3 c6 12. Na4 Bb6 13. Nxb6 axb6 14. h3 Qe7 15. Rd1 g5 16. Nd4 Ng6 17. Nf5 Bxf5 18. Qxf5 Qe5 19. Qxe5 dxe5 20. Rd6 Kg7 21. Bb2 Red8 22. Rxd8 Rxd8 23. Bc3 Ne8 24. Bf1 f6 25. Be2 Nc7 26. Rd1 Rxd1+ 27. Bxd1 Kf7 28. Bc2 h6 29. Bf5 Ne6 30. Kg2 Ne7 31. Bg4 f5 32. Bh5+ Kf6 33. f4 gxf4 34. gxf4 Nc5 35. Bxe5+ Ke6 36. Bg7 Ng8 37. Bg6 Ne4 38. Bd4 c5 39. Be5 Ne7 40. Bh5 Nc3 41. Bf3 Ne4 42. Bc7 b5 43. cxb5 Nd5 44. Bxe4 fxe4 45. Be5 Nxe3+ 46. Kf2 Nf5 47. Bc7 Kd5 48. Ke2 Nd4+ 49. Ke3 Nxb5 50. Be5 Nd4 51. Bg7 0-1

[Event "Mike Shpan mem."]
[Site "Winnipeg CAN"]
[Date "2008.11.18"]
[Round "2"]
[White "Repa, Jason"]
[Black "Crawford, Gary"]
[Result "1-0"]
[WhiteElo "2010"]
[BlackElo "1321"]
[PlyCount "73"]
[GameId "2160767910294510"]
[EventDate "2008.11.04"]
[EventType "swiss"]
[EventRounds "6"]
[EventCountry "CAN"]
[SourceTitle "EXT 2011"]
[Source "ChessBase"]
[SourceDate "2011.11.26"]
[SourceVersion "1"]
[SourceVersionDate "2011.11.26"]
[SourceQuality "1"]

1. e4 c5 2. Nf3 d6 3. Bb5+ Bd7 4. Bxd7+ Nxd7 5. d4 cxd4 6. Qxd4 e5 7. Qd1 h6 8. O-O Ngf6 9. Nc3 Be7 10. Re1 O-O 11. h3 Nb6 12. a4 Qc7 13. Nh4 Rfd8 14. Nf5 Bf8 15. Qf3 d5 16. a5 dxe4 17. axb6 axb6 18. Nxe4 Rxa1 19. Nxf6+ Kh8 20. Ne4 Qxc2 21. Ne3 Qc6 22. Bd2 Rxe1+ 23. Bxe1 Qc1 24. Qe2 Bb4 25. Nc3 f6 26. Kh2 Ra8 27. Nf5 Ra1 28. Bd2 Qxb2 29. Qg4 Bf8 30. Ne4 Ra4 31. Be3 Qc2 32. f3 Qc7 33. Qg6 Ra3 34. Qe8 Kg8 35. Qg6 Rd3 36. Nxf6+ Kh8 37. Qh7# 1-0

[Event "Mike Shpan mem."]
[Site "Winnipeg CAN"]
[Date "2008.11.25"]
[Round "3"]
[White "Campbell, Gary"]
[Black "Repa, Jason"]
[Result "0-1"]
[WhiteElo "1644"]
[BlackElo "2010"]
[PlyCount "58"]
[GameId "2160767910294511"]
[EventDate "2008.11.04"]
[EventType "swiss"]
[EventRounds "6"]
[EventCountry "CAN"]
[SourceTitle "EXT 2011"]
[Source "ChessBase"]
[SourceDate "2011.11.26"]
[SourceVersion "1"]
[SourceVersionDate "2011.11.26"]
[SourceQuality "1"]

1. d4 e6 2. c4 Nf6 3. Nc3 Bb4 4. e3 Bxc3+ 5. bxc3 b6 6. Ne2 Bb7 7. Ng3 O-O 8. Qc2 d6 9. e4 e5 10. Be2 Re8 11. O-O Nbd7 12. f3 Nf8 13. Bg5 Ne6 14. dxe5 dxe5 15. Rad1 Qe7 16. Nf5 Qc5+ 17. Be3 Qc6 18. Rd2 Nd7 19. Rfd1 Ndc5 20. Kh1 a5 21. Rd5 Qa4 22. Qxa4 Nxa4 23. Rxe5 f6 24. Rxe6 Rxe6 25. Rd7 g6 26. Nh6+ Kf8 27. Rf7+ Ke8 28. Bd4 Rd8 29. Bd1 Nxc3 0-1

[Event "Mike Shpan mem."]
[Site "Winnipeg CAN"]
[Date "2008.11.25"]
[Round "3"]
[White "Crawford, Gary"]
[Black "Pottinger, Carl"]
[Result "0-1"]
[WhiteElo "1321"]
[BlackElo "1813"]
[PlyCount "62"]
[GameId "2160767910294512"]
[EventDate "2008.11.04"]
[EventType "swiss"]
[EventRounds "6"]
[EventCountry "CAN"]
[SourceTitle "EXT 2011"]
[Source "ChessBase"]
[SourceDate "2011.11.26"]
[SourceVersion "1"]
[SourceVersionDate "2011.11.26"]
[SourceQuality "1"]

1. e4 c5 2. Nf3 d6 3. d4 cxd4 4. Bc4 Nc6 5. c3 dxc3 6. Nxc3 g6 7. Qb3 e6 8. Bg5 Be7 9. Bxe7 Qxe7 10. O-O Nf6 11. Qb5 O-O 12. Qg5 Ne8 13. Qh6 Qf6 14. a3 Qg7 15. Qd2 a6 16. b4 b5 17. Bb3 Bb7 18. Rac1 Rc8 19. Rfe1 Rd8 20. Qe3 Nf6 21. Qb6 Rb8 22. Qe3 Ng4 23. Qf4 Nge5 24. Nxe5 Qxe5 25. Qxe5 Nxe5 26. Red1 Rfd8 27. f3 Nc4 28. a4 d5 29. axb5 Ne3 30. Rd3 d4 31. Bc4 Nxc4 0-1

[Event "Mike Shpan mem."]
[Site "Winnipeg CAN"]
[Date "2008.11.25"]
[Round "3"]
[White "Lauritson, Jim"]
[Black "Trueman, Francis"]
[Result "1-0"]
[WhiteElo "1933"]
[BlackElo "1506"]
[PlyCount "53"]
[GameId "2160767910294513"]
[EventDate "2008.11.04"]
[EventType "swiss"]
[EventRounds "6"]
[EventCountry "CAN"]
[SourceTitle "EXT 2011"]
[Source "ChessBase"]
[SourceDate "2011.11.26"]
[SourceVersion "1"]
[SourceVersionDate "2011.11.26"]
[SourceQuality "1"]

1. d4 Nf6 2. c4 d6 3. Nc3 g6 4. e4 Bg7 5. Be2 O-O 6. Nf3 c6 7. O-O Qc7 8. h3 e5 9. Be3 Nbd7 10. Qc2 Re8 11. d5 Nf8 12. b4 Bd7 13. Qd3 a6 14. a4 Rac8 15. Rfc1 h5 16. Nd2 N6h7 17. Nb3 f5 18. f3 f4 19. Bf2 Ng5 20. Kh2 Nfh7 21. a5 Qd8 22. dxc6 bxc6 23. Qxd6 Nf6 24. Bb6 Qe7 25. Qxe7 Rxe7 26. Nc5 Ree8 27. Nxa6 1-0

[Event "Mike Shpan mem."]
[Site "Winnipeg CAN"]
[Date "2008.11.25"]
[Round "3"]
[White "Mandusic, Ante"]
[Black "Ott, Richard"]
[Result "0-1"]
[WhiteElo "1208"]
[BlackElo "1460"]
[PlyCount "50"]
[GameId "2160767910294514"]
[EventDate "2008.11.04"]
[EventType "swiss"]
[EventRounds "6"]
[EventCountry "CAN"]
[SourceTitle "EXT 2011"]
[Source "ChessBase"]
[SourceDate "2011.11.26"]
[SourceVersion "1"]
[SourceVersionDate "2011.11.26"]
[SourceQuality "1"]

1. Nf3 d5 2. e3 c5 3. c4 Nf6 4. Be2 Nc6 5. b3 d4 6. d3 e5 7. Qd2 Bd6 8. e4 O-O 9. Qc2 Ne8 10. O-O h6 11. Bd2 Qe7 12. Qb2 f5 13. Qc2 Nc7 14. a3 fxe4 15. dxe4 Bg4 16. Qd3 Ne6 17. h3 Bxf3 18. Bxf3 Nf4 19. Qc2 Nxh3+ 20. Kh1 Qh4 21. g3 Nxf2+ 22. Kg2 Qh3+ 23. Kxf2 Rxf3+ 24. Kxf3 Rf8+ 25. Ke2 Qxf1# 0-1

[Event "Mike Shpan mem."]
[Site "Winnipeg CAN"]
[Date "2008.12.02"]
[Round "4"]
[White "Crawford, Gary"]
[Black "Lauritson, Jim"]
[Result "1/2-1/2"]
[WhiteElo "1321"]
[BlackElo "1933"]
[PlyCount "71"]
[GameId "2160767910294515"]
[EventDate "2008.11.04"]
[EventType "swiss"]
[EventRounds "6"]
[EventCountry "CAN"]
[SourceTitle "EXT 2011"]
[Source "ChessBase"]
[SourceDate "2011.11.26"]
[SourceVersion "1"]
[SourceVersionDate "2011.11.26"]
[SourceQuality "1"]

1. e4 c5 2. Nf3 e6 3. c3 Nf6 4. Bd3 Nc6 5. Bc2 d5 6. e5 Nd7 7. d4 Qb6 8. O-O Be7 9. Qd3 cxd4 10. cxd4 Nb4 11. Qb3 Nxc2 12. Qxc2 Qc6 13. Qc3 Nb6 14. Bg5 Bxg5 15. Nxg5 Bd7 16. Qxc6 Bxc6 17. b3 Ke7 18. f4 Bb5 19. Rc1 Rac8 20. Nc3 Bd3 21. Nf3 Rc6 22. a4 Rhc8 23. Na2 a5 24. Rxc6 Rxc6 25. Rc1 Bc2 26. Nd2 Nd7 27. b4 Bxa4 28. Rxc6 Bxc6 29. bxa5 Nb8 30. Nb3 Na6 31. Kf2 Kd7 32. Nc5+ Nxc5 33. dxc5 Bb5 34. Nb4 Kc7 35. Ke3 Kd7 36. g4 1/2-1/2

[Event "Mike Shpan mem."]
[Site "Winnipeg CAN"]
[Date "2008.12.02"]
[Round "4"]
[White "Ott, Richard"]
[Black "Pottinger, Carl"]
[Result "0-1"]
[WhiteElo "1460"]
[BlackElo "1813"]
[PlyCount "70"]
[GameId "2160767910294516"]
[EventDate "2008.11.04"]
[EventType "swiss"]
[EventRounds "6"]
[EventCountry "CAN"]
[SourceTitle "EXT 2011"]
[Source "ChessBase"]
[SourceDate "2011.11.26"]
[SourceVersion "1"]
[SourceVersionDate "2011.11.26"]
[SourceQuality "1"]

1. d4 Nf6 2. c4 e6 3. Nc3 c6 4. Qc2 d5 5. cxd5 cxd5 6. Nf3 Be7 7. Bf4 Bd7 8. e3 O-O 9. Rd1 Nc6 10. Qd2 Bb4 11. Bd3 Rc8 12. O-O Qa5 13. Qe2 Bxc3 14. bxc3 Qxc3 15. e4 Nxd4 16. Nxd4 Qxd4 17. Bb1 Qa4 18. Qf3 Nxe4 19. Be5 f5 20. Rd4 Rc4 21. Rfd1 Rxd4 22. Bxd4 Qc6 23. Qf4 Nf6 24. h3 b6 25. Qe5 Rc8 26. Qg3 Qc7 27. Qg5 e5 28. Bb2 d4 29. Bxf5 Bxf5 30. Qxf5 Re8 31. Rc1 Qe7 32. Ba3 Qxa3 33. Rc7 Re7 34. Rc8+ Ne8 35. h4 Qd6 0-1

[Event "Mike Shpan mem."]
[Site "Winnipeg CAN"]
[Date "2008.12.02"]
[Round "4"]
[White "Repa, Jason"]
[Black "Mandusic, Ante"]
[Result "1-0"]
[WhiteElo "2010"]
[BlackElo "1208"]
[PlyCount "47"]
[GameId "2160767910294517"]
[EventDate "2008.11.04"]
[EventType "swiss"]
[EventRounds "6"]
[EventCountry "CAN"]
[SourceTitle "EXT 2011"]
[Source "ChessBase"]
[SourceDate "2011.11.26"]
[SourceVersion "1"]
[SourceVersionDate "2011.11.26"]
[SourceQuality "1"]

1. f4 d5 2. Nf3 Nf6 3. e3 e6 4. b3 Nc6 5. Bb5 Be7 6. Bxc6+ bxc6 7. O-O Ba6 8. d3 Qb8 9. Ne5 Qb7 10. Bb2 O-O 11. Nd2 Bc5 12. Rf3 Qb6 13. Qe2 Rfd8 14. Rg3 g6 15. Nxg6 d4 16. Ne5+ Kf8 17. e4 Nd7 18. Nxf7 Kxf7 19. Qh5+ Ke7 20. Qxh7+ Kd6 21. e5+ Nxe5 22. fxe5+ Kxe5 23. Rg5+ Kd6 24. Ne4# 1-0

[Event "Mike Shpan mem."]
[Site "Winnipeg CAN"]
[Date "2008.12.02"]
[Round "4"]
[White "Trueman, Francis"]
[Black "Campbell, Gary"]
[Result "1-0"]
[WhiteElo "1506"]
[BlackElo "1644"]
[PlyCount "55"]
[GameId "2160767910294518"]
[EventDate "2008.11.04"]
[EventType "swiss"]
[EventRounds "6"]
[EventCountry "CAN"]
[SourceTitle "EXT 2011"]
[Source "ChessBase"]
[SourceDate "2011.11.26"]
[SourceVersion "1"]
[SourceVersionDate "2011.11.26"]
[SourceQuality "1"]

1. Nf3 d5 2. d3 Nf6 3. Nbd2 c5 4. g3 Nc6 5. c3 e6 6. Bg2 Be7 7. O-O O-O 8. Re1 d4 9. a4 Qc7 10. Nc4 Rd8 11. Bf4 Qd7 12. Nfe5 Qe8 13. e4 dxe3 14. fxe3 Nd5 15. Nxc6 bxc6 16. Ne5 Nxf4 17. exf4 Bb7 18. Qf3 Rab8 19. f5 Bd6 20. fxe6 Bxe5 21. Qxf7+ Qxf7 22. exf7+ Kxf7 23. Rxe5 Rxd3 24. Be4 Rd2 25. Bxh7 g6 26. Rf1+ Kg7 27. Re7+ Kh6 28. Rf6 1-0

[Event "Mike Shpan mem."]
[Site "Winnipeg CAN"]
[Date "2008.12.09"]
[Round "5"]
[White "Campbell, Gary"]
[Black "Mandusic, Ante"]
[Result "1-0"]
[WhiteElo "1644"]
[BlackElo "1208"]
[PlyCount "69"]
[GameId "2160767910294519"]
[EventDate "2008.11.04"]
[EventType "swiss"]
[EventRounds "6"]
[EventCountry "CAN"]
[SourceTitle "EXT 2011"]
[Source "ChessBase"]
[SourceDate "2011.11.26"]
[SourceVersion "1"]
[SourceVersionDate "2011.11.26"]
[SourceQuality "1"]

1. d4 d5 2. c4 e6 3. Nc3 Bb4 4. cxd5 exd5 5. a3 Bxc3+ 6. bxc3 Nf6 7. Nf3 Bd7 8. Bg5 Nc6 9. Qb3 Be6 10. Qxb7 Na5 11. Qa6 Nb3 12. Qb5+ c6 13. Qxb3 Rb8 14. Qc2 h6 15. Bh4 O-O 16. e3 Rc8 17. Ba6 Rc7 18. Bg3 Rd7 19. Ne5 Rd6 20. Nd3 Rd7 21. Nc5 Re7 22. Rb1 g6 23. O-O Bf5 24. Bd3 Bc8 25. Rb8 Qa5 26. Bd6 Rfe8 27. Bxe7 Qc7 28. Rxc8 Qxc8 29. Bxf6 Kh7 30. Rb1 Qc7 31. Rb7 Qa5 32. Rxf7+ Kg8 33. Bxg6 Rb8 34. Rg7+ Kf8 35. Nd7# 1-0

[Event "Mike Shpan mem."]
[Site "Winnipeg CAN"]
[Date "2008.12.09"]
[Round "5"]
[White "Lauritson, Jim"]
[Black "Ott, Richard"]
[Result "1-0"]
[WhiteElo "1933"]
[BlackElo "1460"]
[PlyCount "93"]
[GameId "2160767910294520"]
[EventDate "2008.11.04"]
[EventType "swiss"]
[EventRounds "6"]
[EventCountry "CAN"]
[SourceTitle "EXT 2011"]
[Source "ChessBase"]
[SourceDate "2011.11.26"]
[SourceVersion "1"]
[SourceVersionDate "2011.11.26"]
[SourceQuality "1"]

1. d4 Nf6 2. c4 e6 3. Nc3 Bb4 4. Qc2 c5 5. dxc5 Bxc5 6. Nf3 O-O 7. e3 b6 8. Be2 Bb7 9. O-O Re8 10. a3 Bf8 11. b3 Qc7 12. Bb2 Nc6 13. Nb5 Qb8 14. Ng5 Ne5 15. f4 Ng6 16. h4 Bc5 17. Nd4 Bxg2 18. Kxg2 Qb7+ 19. Bf3 Nxh4+ 20. Kh3 Nxf3 21. Ngxf3 d6 22. b4 Bxd4 23. Bxd4 e5 24. fxe5 Qd7+ 25. Kg2 Qg4+ 26. Kh1 Ne4 27. Qg2 Ng3+ 28. Kg1 Re6 29. Nh2 Ne2+ 30. Kf2 Qxg2+ 31. Kxg2 Nxd4 32. exd4 dxe5 33. dxe5 Rxe5 34. Rfe1 Rg5+ 35. Kf2 Rd8 36. Rad1 Rf5+ 37. Nf3 Rc8 38. Rd5 Rf4 39. Red1 h6 40. Rd8+ Rxd8 41. Rxd8+ Kh7 42. Rd4 Rf6 43. c5 b5 44. Rd6 Kg6 45. Rxf6+ Kxf6 46. Nd4 Ke7 47. Nxb5 1-0

[Event "Mike Shpan mem."]
[Site "Winnipeg CAN"]
[Date "2008.12.09"]
[Round "5"]
[White "Pottinger, Carl"]
[Black "Repa, Jason"]
[Result "0-1"]
[WhiteElo "1813"]
[BlackElo "2010"]
[PlyCount "54"]
[GameId "2160767910294521"]
[EventDate "2008.11.04"]
[EventType "swiss"]
[EventRounds "6"]
[EventCountry "CAN"]
[SourceTitle "EXT 2011"]
[Source "ChessBase"]
[SourceDate "2011.11.26"]
[SourceVersion "1"]
[SourceVersionDate "2011.11.26"]
[SourceQuality "1"]

1. c4 Nf6 2. g3 e6 3. Bg2 d5 4. cxd5 exd5 5. Nf3 Bd6 6. O-O O-O 7. Nc3 c6 8. d4 Re8 9. Bg5 Nbd7 10. Rc1 Qe7 11. e3 h6 12. Bxf6 Nxf6 13. Na4 Ne4 14. Nd2 Nxd2 15. Qxd2 h5 16. Nc5 h4 17. Rfe1 hxg3 18. hxg3 Bxc5 19. Rxc5 Qg5 20. b4 a6 21. a4 Qh5 22. b5 axb5 23. axb5 Re6 24. bxc6 bxc6 25. Qc1 Rh6 26. Qb1 Bg4 27. Qb7 Bf3 0-1

[Event "Mike Shpan mem."]
[Site "Winnipeg CAN"]
[Date "2008.12.09"]
[Round "5"]
[White "Trueman, Francis"]
[Black "Crawford, Gary"]
[Result "1-0"]
[WhiteElo "1506"]
[BlackElo "1321"]
[PlyCount "96"]
[GameId "2160767910294522"]
[EventDate "2008.11.04"]
[EventType "swiss"]
[EventRounds "6"]
[EventCountry "CAN"]
[SourceTitle "EXT 2011"]
[Source "ChessBase"]
[SourceDate "2011.11.26"]
[SourceVersion "1"]
[SourceVersionDate "2011.11.26"]
[SourceQuality "1"]

1. Nf3 Nf6 2. d3 d5 3. Nbd2 e6 4. g3 b6 5. Bg2 Bb7 6. O-O Be7 7. Re1 O-O 8. e4 dxe4 9. dxe4 Nbd7 10. Qe2 e5 11. h4 a5 12. Nh2 Ba6 13. Qd1 Re8 14. Ndf1 Nc5 15. Nd2 Qd7 16. g4 h6 17. Kh1 Rad8 18. Qf3 Nh7 19. Qg3 Bf6 20. Ndf3 g5 21. b3 Qe7 22. h5 Ne6 23. Nxe5 Qb4 24. Bb2 Nd4 25. c3 Bxe5 26. Qh3 Qc5 27. cxd4 Bxd4 28. Rac1 Qe7 29. Bxd4 Rxd4 30. Qe3 Rd3 31. Qe2 Red8 32. e5 Bc8 33. Be4 Rd2 34. Qf3 Rxa2 35. Kg2 Rad2 36. Qc3 c5 37. Nf3 R2d7 38. Bf5 Rc7 39. Be4 Nf8 40. Bf5 Ne6 41. Kg3 Nf4 42. Re3 Bxf5 43. gxf5 Rd5 44. Kh2 Rcd7 45. e6 fxe6 46. Ne5 exf5 47. Nxd7 Qxd7 48. Qf6 Qd6 1-0

[Event "Mike Shpan mem."]
[Site "Winnipeg CAN"]
[Date "2008.12.16"]
[Round "6"]
[White "Campbell, Gary"]
[Black "Crawford, Gary"]
[Result "0-1"]
[WhiteElo "1644"]
[BlackElo "1321"]
[PlyCount "106"]
[GameId "2160767910294523"]
[EventDate "2008.11.04"]
[EventType "swiss"]
[EventRounds "6"]
[EventCountry "CAN"]
[SourceTitle "EXT 2011"]
[Source "ChessBase"]
[SourceDate "2011.11.26"]
[SourceVersion "1"]
[SourceVersionDate "2011.11.26"]
[SourceQuality "1"]

1. d4 Nf6 2. c4 d6 3. Nc3 Nbd7 4. e4 e5 5. Nf3 h6 6. Be2 Be7 7. O-O O-O 8. Ne1 exd4 9. Qxd4 c5 10. Qd1 Ne5 11. f3 Be6 12. Nd5 Nxd5 13. exd5 Bd7 14. Bf4 Bf6 15. Rc1 Qe7 16. b3 Ng6 17. Bg3 Bf5 18. Bd3 Bd4+ 19. Bf2 Bxf2+ 20. Rxf2 Bxd3 21. Qxd3 Rfe8 22. Nc2 Nf4 23. Qd2 Ne2+ 24. Rxe2 Qxe2 25. Qxe2 Rxe2 26. Kf1 Rae8 27. Re1 Rxe1+ 28. Nxe1 a6 29. Kf2 b5 30. Nc2 b4 31. Ne3 Kf8 32. Nf5 Rd8 33. Ke3 h5 34. Kf4 g6 35. Ng3 Re8 36. Ne4 Ke7 37. Kg5 Ra8 38. f4 a5 39. f5 gxf5 40. Kxf5 a4 41. g4 hxg4 42. Kxg4 axb3 43. axb3 Rh8 44. Kg3 f5 45. Nd2 f4+ 46. Kxf4 Rxh2 47. Ke3 Kf6 48. Kd3 Rh3+ 49. Kc2 Ke5 50. Kb2 Rh2 51. Kc1 Rh3 52. Kb2 Kd4 53. Kb1 Kd3 0-1

[Event "Mike Shpan mem."]
[Site "Winnipeg CAN"]
[Date "2008.12.16"]
[Round "6"]
[White "Mandusic, Ante"]
[Black "Pottinger, Carl"]
[Result "0-1"]
[WhiteElo "1208"]
[BlackElo "1813"]
[PlyCount "68"]
[GameId "2160767910294524"]
[EventDate "2008.11.04"]
[EventType "swiss"]
[EventRounds "6"]
[EventCountry "CAN"]
[SourceTitle "EXT 2011"]
[Source "ChessBase"]
[SourceDate "2011.11.26"]
[SourceVersion "1"]
[SourceVersionDate "2011.11.26"]
[SourceQuality "1"]

1. e4 c5 2. g3 g6 3. Bg2 Bg7 4. Nc3 Nc6 5. d3 Nf6 6. Nf3 d6 7. Bd2 O-O 8. O-O Bg4 9. Rb1 Nd4 10. Rc1 Nd7 11. b3 Ne5 12. Nd5 Nexf3+ 13. Kh1 Nxh2 14. Qe1 Nxf1 15. Bg5 f6 16. Be3 Nxe3 17. fxe3 Nf3 18. Qf2 Ne5 19. d4 Nd7 20. Bf1 f5 21. Qh2 fxe4 22. Bc4 e6 23. Nf4 d5 24. Kg2 dxc4 25. Rf1 cxd4 26. exd4 cxb3 27. axb3 Bxd4 28. Rd1 Bxd1 29. Nxe6 Rf2+ 30. Kh3 Rxh2+ 31. Kxh2 Qf6 32. Nc7 Qf2+ 33. Kh3 Qf5+ 34. Kh4 Qg4# 0-1

[Event "Mike Shpan mem."]
[Site "Winnipeg CAN"]
[Date "2008.12.16"]
[Round "6"]
[White "Ott, Richard"]
[Black "Trueman, Francis"]
[Result "0-1"]
[WhiteElo "1460"]
[BlackElo "1506"]
[PlyCount "62"]
[GameId "2160767910294525"]
[EventDate "2008.11.04"]
[EventType "swiss"]
[EventRounds "6"]
[EventCountry "CAN"]
[SourceTitle "EXT 2011"]
[Source "ChessBase"]
[SourceDate "2011.11.26"]
[SourceVersion "1"]
[SourceVersionDate "2011.11.26"]
[SourceQuality "1"]

1. d4 Nf6 2. c4 d6 3. Nc3 g6 4. e4 Bg7 5. h3 O-O 6. Bg5 h6 7. Be3 Bd7 8. Nf3 c6 9. Qd2 Kh7 10. Bd3 Qc7 11. d5 e5 12. dxe6 Bxe6 13. O-O Nbd7 14. Qe2 Ne5 15. Nxe5 dxe5 16. Kh1 Qd7 17. Kh2 Nh5 18. f4 exf4 19. Rxf4 Be5 20. Raf1 Nxf4 21. Rxf4 g5 22. Nd5 Kg7 23. Nf6 Bxf4+ 24. Bxf4 Kxf6 25. Bd2 Ke7 26. Bb4+ Ke8 27. e5 Rg8 28. Qe4 Rg6 29. Qe3 Rg8 30. Qe4 Rh8 31. Qf3 Qd4 0-1